[Event "Badalona op"]
[Site "Badalona"]
[Date "1993.??.??"]
[Round "2"]
[White "Ionescu, Mihai"]
[Black "Camacho, Roberto"]
[Result "1-0"]
[WhiteElo "2255"]
[BlackElo "2345"]

1.d4 d5 2.c4 c6 3.Nf3 Nf6 4.Qc2 e6 5.g3 Nbd7 6.Bg2 Bd6 7.O-O O-O 8.Nbd2 Re8
9.b3 e5 10.dxe5 Nxe5 11.Bb2 Bg4 12.cxd5 cxd5 13.Nxe5 Bxe5 14.Bxe5 Rxe5 15.Nf3 Bf5
16.Qb2 Re7 17.Nd4 Qd7 18.Rfc1 Bh3 19.Bh1 Rc8 20.Qa3 Rxc1+ 21.Rxc1 a6 22.Qc5 Re8
23.a4 Rc8 24.Qxc8+ Qxc8 25.Rxc8+ Bxc8 26.a5 Kf8 27.f3 Ke7 28.Kf2 Kd6 29.b4 g6
30.Bg2 b6 31.axb6 Nd7 32.Bf1 Nxb6 33.e3 Nc4 34.Bxc4 dxc4 35.e4 a5 36.bxa5 Kc5
37.Ke3 Kb4 38.Kd2 f6 39.Nc6+ Kc5 40.Ne7 Be6 41.Kc3 Kb5 42.Nd5 Kxa5 43.Nxf6 h6
44.Nd5 Bxd5 45.exd5 Kb5 46.d6 Kc6 47.Kxc4 Kxd6 48.Kd4 Ke6 49.Ke4 Kf6 50.f4 h5
51.h3 Ke6 52.g4 h4 53.g5  1-0

[Event "Balatonbereny op"]
[Site "Balatonbereny"]
[Date "1993.??.??"]
[Round "1"]
[White "Horvath, Maria"]
[Black "Videki, Sandor"]
[Result "0-1"]
[WhiteElo "2060"]
[BlackElo "2385"]

1.d4 d5 2.c4 c6 3.Nf3 Nf6 4.Qc2 dxc4 5.Qxc4 Bf5 6.Nc3 e6 7.Bg5 Qb6 8.O-O-O Nbd7
9.Nh4 Bb4 10.Nxf5 exf5 11.f3 O-O 12.Rd3 Rac8 13.Kb1 c5 14.Nd5 Nxd5 15.Qxd5 c4
16.Qxd7 cxd3 17.exd3 Ba3 18.b3 Qb4  0-1

[Event "Oberliga Bayern9394"]
[Site "Bayern"]
[Date "1993.??.??"]
[Round "?"]
[White "Wockenfuss, Klaus"]
[Black "Salac, Jiri"]
[Result "1/2-1/2"]
[WhiteElo "2330"]
[BlackElo "2260"]

1.d4 d5 2.Nf3 Nf6 3.c4 c6 4.Qc2 Bg4 5.Bf4 e6 6.Nbd2 Bd6 7.Bxd6 Qxd6 8.Ne5 Bf5
9.Qb3 Qc7 10.e3 Nbd7 11.f4 Ne4 12.Nxe4 Bxe4 13.Nxd7 Qxd7 14.Bd3 Bxd3 15.Qxd3 O-O
16.O-O f5 17.Rab1 dxc4 18.Qxc4 Qd5 19.Qb4 Rf7 20.a4 Rd8 21.Qc3 g5 22.b4 Rg7
23.Rb2 a6 24.Re2 gxf4 25.Rxf4 Rg4 26.Ref2 Rxf4 27.Rxf4 Rd7 28.Qc5 Rg7 29.g3 b5
30.Qb6 bxa4 31.Qxa6 Qb3 32.Qc8+ Kf7 33.Qd7+ Kf8 34.Qd8+  1/2-1/2

[Event "JUG-chT2"]
[Site "Becici"]
[Date "1993.??.??"]
[Round "6"]
[White "Simic, Radoslav"]
[Black "Kosic, Dragan"]
[Result "1/2-1/2"]
[WhiteElo "2455"]
[BlackElo "2455"]

1.d4 d5 2.c4 c6 3.Nf3 Nf6 4.Qc2 e6 5.Bg5 h6 6.Bh4 dxc4 7.Qxc4 b5 8.Qc2 Bb7
9.e3 Nbd7 10.Be2 Rc8 11.O-O Be7 12.Nbd2 c5 13.dxc5 Rxc5 14.Qb1 Qb6 15.b4 Rc8
16.a4 bxa4 17.Rxa4 Nd5 18.Nc4 Rxc4 19.Bxc4 Nc3 20.Qb3 Nxa4 21.Bxe7 Kxe7 22.Qxa4 Bxf3
23.gxf3 Rc8 24.Be2 Nf6 25.Ra1 Rc7 26.Qa5 Nd5 27.Qxb6 axb6 28.b5 Nc3 29.Bf1 Kd6
30.Ra3 Rc5  1/2-1/2

[Event "Bern op"]
[Site "Bern"]
[Date "1993.??.??"]
[Round "9"]
[White "Ibragimov, Ildar"]
[Black "Gloria, Eric"]
[Result "1-0"]
[WhiteElo "2540"]
[BlackElo "2275"]

1.d4 d5 2.c4 c6 3.Nf3 Nf6 4.Qc2 e6 5.g3 Be7 6.Bg2 O-O 7.O-O Ne4 8.b3 Nd7
9.Bb2 f5 10.Nbd2 Bd6 11.Rad1 Qf6 12.Ne1 Qh6 13.Nd3 g5 14.Ne5 Qg7 15.Nxe4 fxe4
16.cxd5 cxd5 17.f3 exf3 18.exf3 Nxe5 19.dxe5 Bxe5 20.Bxe5 Qxe5 21.Rfe1 Qg7
22.Rc1 a5 23.Qc7 a4 24.b4 a3 25.Kh1 h6 26.b5 Qxc7 27.Rxc7 Rf7 28.Rec1 Rxc7
29.Rxc7 Kf8 30.f4 gxf4 31.gxf4 Ke8 32.f5 Kd8 33.Rh7 Ra4 34.Rh8+ Kc7 35.b6+ Kb8
36.fxe6 Rb4 37.Bh3  1-0

[Event "Bratislava op"]
[Site "Bratislava"]
[Date "1993.??.??"]
[Round "7"]
[White "Zimmerman, Yuri"]
[Black "Horvath, Mario"]
[Result "1/2-1/2"]
[WhiteElo "2360"]
[BlackElo "2060"]

1.d4 d5 2.Nf3 Nf6 3.c4 c6 4.Qc2 e6 5.g3 Bd6 6.Bg2 O-O 7.O-O Nbd7 8.Rd1 Qe7
9.Nc3 dxc4 10.Nd2 Nb6 11.Nce4 e5 12.Nxd6 Qxd6 13.Nxc4 Nxc4 14.Qxc4 Be6 15.Qd3 h6
16.b3 Qxd4 17.Qxd4 exd4 18.Rxd4 Rfd8 19.Bb2 Rxd4 20.Bxd4 Nd5 21.Rc1 a5 22.e4 Nc7
23.Bb6 Ne8 24.Rd1 a4 25.bxa4 Bxa2 26.a5 Nf6 27.f3 Be6 28.Rb1 Nd7 29.Bc7 Nc5
30.Bf1 Nb3 31.Be2 Re8 32.Bd1 Re7 33.Bd6 Rd7 34.Bxb3 Bxb3 35.Rxb3 Rxd6 36.Rxb7 Rd1+
37.Kf2 Ra1 38.Ra7 Ra3 39.g4 c5 40.h4 c4 41.a6 g5 42.h5 Kg7 43.e5 Kg8 44.Ke2 Kf8
45.Kd2 Kg8 46.Kc2 c3 47.Kd3 Kf8 48.Ra8+ Kg7 49.Kc2 Kh7 50.Rf8 Kg7 51.Ra8 Kh7
52.Ra7 Kg8 53.Kd3 Kf8 54.Rc7 Rxa6 55.Rxc3 Ra4 56.Rc4 Ra5 57.Ke4 Ra3 58.Rc6 Kg7
59.Rd6 Rb3 60.Rd3 Rb5 61.Ra3 Rc5 62.Ra4 Rc3 63.Ra7 Kg8 64.Ra6 Kg7 65.e6 fxe6
66.Rxe6 Rc4+ 67.Ke5 Rf4 68.Rg6+ Kh7 69.Rf6 Ra4 70.Rf7+ Kg8 71.Rd7 Rf4 72.Rd3 Kg7
73.Rd7+ Kg8 74.Rd6 Kg7 75.Rg6+ Kh7 76.Rf6 Ra4 77.Rf7+ Kg8 78.Rf5 Kg7 79.Ke6 Ra6+
80.Kd7 Ra7+ 81.Kd6 Ra6+ 82.Kd5 Ra4 83.Ke5 Rb4 84.f4 gxf4 85.Rxf4 Rb5+ 86.Ke4 Ra5
87.Rf5 Ra4+ 88.Kf3 Rb4 89.Re5 Ra4 90.Rb5 Ra1 91.Rb7+ Kg8 92.Re7 Ra5 93.Re4 Ra1
94.Kf4 Kf8 95.Ke5 Kg7 96.Rb4 Re1+ 97.Kf5 Rf1+ 98.Rf4 Rxf4+ 99.Kxf4 Kf6 100.Kf3 Kf7
101.Ke3 Ke7 102.Kd4 Kf6 103.Ke4 Ke6 104.Kf4 Kf6 105.Kg3 Ke7 106.Kf2 Kf6 107.Ke2 Ke6
108.Kd3  1/2-1/2

[Event "Bucharest"]
[Site "Bucharest"]
[Date "1993.??.??"]
[Round "?"]
[White "Ionescu, Constantin"]
[Black "Rogozenko, Dorin"]
[Result "1/2-1/2"]
[WhiteElo "2475"]
[BlackElo "2480"]

1.d4 d5 2.c4 c6 3.Nf3 Nf6 4.Qc2 g6 5.Bf4 Bg7 6.e3 O-O 7.Nc3 Be6 8.Qb3 dxc4
9.Bxc4 Bxc4 10.Qxc4 Nd5  1/2-1/2

[Event "Bucharest Tim"]
[Site "Bucharest"]
[Date "1993.??.??"]
[Round "1"]
[White "Dumitrache, Dragos"]
[Black "Salgado Allaria, Carlos"]
[Result "1-0"]
[WhiteElo "2385"]
[BlackElo "2205"]

1.d4 d5 2.c4 c6 3.Nf3 Nf6 4.Qb3 e6 5.g3 Ne4 6.Bg2 Nd7 7.O-O Bd6 8.Nbd2 f5
9.Ne1 O-O 10.cxd5 cxd5 11.Nd3 Qf6 12.e3 g5 13.f3 Nxd2 14.Bxd2 Nb6 15.Bc3 Bd7
16.a4 Qe7 17.Ne5 Rfc8 18.Kh1 Be8 19.e4 f4 20.Bh3 Rc7 21.gxf4 gxf4 22.Nd3 Bg6
23.Rg1 Rc6 24.e5 Bc7 25.Nxf4 Kf7 26.a5 Qh4 27.Rg4 Qf2 28.Rf1  1-0

[Event "Bucharest1"]
[Site "Bucharest"]
[Date "1993.??.??"]
[Round "10"]
[White "Grigore, George"]
[Black "Bets, Anatolij"]
[Result "1-0"]
[WhiteElo "2455"]
[BlackElo "2260"]

1.d4 d5 2.c4 c6 3.Nf3 Nf6 4.Qc2 dxc4 5.Qxc4 Bf5 6.Nc3 e6 7.Bg5 Be7 8.Nh4 b5
9.Qb3 Qxd4 10.Nxf5 exf5 11.g3 Ne4 12.Be3 Qb4 13.Bg2 O-O 14.Qc2 Bf6 15.Rc1 g6
16.a3 Bxc3+ 17.bxc3 Qc4 18.g4 Nf6 19.gxf5 Nd5 20.Bxd5 Qxd5 21.Rg1 Qd6 22.fxg6 hxg6
23.Qf5 Rd8 24.h4 Nd7 25.h5 Nf8 26.hxg6 fxg6 27.Bf4 Qd5 28.Rxg6+ Nxg6 29.Qxg6+ Kf8
30.Bh6+ Ke7 31.Bg5+ Kf8 32.e4 Re8 33.Bh6+ Ke7 34.exd5 Kd7+ 35.Kd2 cxd5 36.Bf4 Re7
37.Qd6+ Ke8 38.Qc6+ Kf7 39.Qxd5+ Re6 40.Qxa8 Re7 41.Rg1  1-0

[Event "Budapest FS09 IM-A"]
[Site "Budapest"]
[Date "1993.??.??"]
[Round "?"]
[White "Hoang Than Trang"]
[Black "Collas, Didier"]
[Result "0-1"]
[WhiteElo "2300"]
[BlackElo "2260"]

1.d4 d5 2.c4 c6 3.Nf3 dxc4 4.e3 b5 5.a4 e6 6.axb5 cxb5 7.b3 Bb4+ 8.Bd2 Bxd2+
9.Nbxd2 a5 10.bxc4 b4 11.c5 Ne7 12.Bb5+ Bd7 13.Qa4 Bxb5 14.Qxb5+ Nbc6 15.O-O O-O
16.Nc4 Qc7 17.e4 Rfb8 18.Nb6 Ra7 19.Qc4 Qf4 20.Qe2 Rd8 21.Rfd1 f5 22.exf5 Qxf5
23.Qc4 Nd5 24.Re1 Rf7 25.Nxd5 exd5 26.Qe2 Rdf8 27.Qe6 Qxe6 28.Rxe6 Rf6 29.Re2 Rf4
30.Rd2 Ra8 31.Ra4 Re8 32.h3 h6 33.Kf1 Rfe4 34.Raa2 g5 35.Kg1 Kg7 36.Kh2 R8e7
37.Kg1 Kf6 38.g4 Ra7 39.Ra4 Ra8 40.Kg2 h5 41.gxh5 Kf5 42.h6 g4 43.hxg4+ Rxg4+
44.Kf1 Rf4 45.Ne5 Nxe5 46.dxe5 b3 47.Ra3 Rb4 48.Rb2 a4 49.h7 Kxe5 50.Ra1 Rh8
51.Re1+ Kd4 52.c6 a3 53.Rd2+ Kc5 54.c7 b2 55.Kg2 Kd6 56.Rc2 Rc4 57.Rce2 Rxc7
58.Re6+ Kc5 59.Ra6 Rb7 60.Ra5+ Rb5  0-1

[Event "Budapest"]
[Site "Budapest"]
[Date "1993.??.??"]
[Round "?"]
[White "Schneider, Attila"]
[Black "Bali, Janos"]
[Result "1-0"]
[WhiteElo "2355"]
[BlackElo "2215"]

1.d4 d5 2.Nf3 c6 3.c4 Nf6 4.Qc2 g6 5.Bf4 Bg7 6.e3 Bf5 7.Qb3 Qb6 8.c5 Qxb3
9.axb3 Nbd7 10.Nc3 O-O 11.h3 h6 12.g4 Be4 13.Nxe4 Nxe4 14.b4 g5 15.Bc7 f5
16.Be2 fxg4 17.hxg4 a6 18.Rf1 Rac8 19.Bh2 Nef6 20.Ne5 Nxe5 21.dxe5 Nd7 22.f4 e6
23.Kd2 Rf7 24.Bd3 Rcf8 25.Ke2 Re7 26.Bg3 Rb8 27.Be1 Bf8 28.Bc3 Bg7 29.Bd4 Ree8
30.Rh1 Nf8 31.Rh5 gxf4 32.exf4 Kf7 33.Rf1 Kg8 34.Kd2 Rbc8 35.Re1 Rc7 36.f5 exf5
37.gxf5 Rce7 38.Rg1 Rxe5 39.f6 Rxh5 40.Rxg7+ Kh8 41.f7  1-0

[Event "Budapest"]
[Site "Budapest"]
[Date "1993.??.??"]
[Round "?"]
[White "Bali, Janos"]
[Black "Bartha, Sandor"]
[Result "0-1"]
[WhiteElo "2215"]
[BlackElo "2280"]

1.d4 d5 2.c4 c6 3.Nf3 Nf6 4.Qc2 e6 5.Nbd2 Nbd7 6.b3 Bd6 7.Bb2 O-O 8.e3 Re8
9.Ne5 Qa5 10.Bd3 Bxe5 11.dxe5 dxc4 12.exf6 cxd3 13.Qxd3 Nxf6 14.O-O-O Qxa2
15.Nf3 e5 16.Nxe5 Be6 17.Nc4 b5 18.Nd2 a5 19.Bxf6 gxf6 20.Ne4 Qa3+ 21.Kc2 Bxb3+
22.Qxb3 Qxb3+ 23.Kxb3 Rxe4 24.Rd6 a4+ 25.Ka2 Rc4 26.Rxf6 b4 27.Rd1 Rc2+  0-1

[Event "Budapest FS10 IM-B"]
[Site "Budapest"]
[Date "1993.??.??"]
[Round "1"]
[White "Schneider, Attila"]
[Black "Varga, Peter"]
[Result "1/2-1/2"]
[WhiteElo "2390"]
[BlackElo "2320"]

1.d4 d5 2.c4 c6 3.Nf3 Nf6 4.Qc2 dxc4 5.Qxc4 Bf5 6.Nc3 e6 7.g3 Nbd7 8.a4 a5
9.Bg2 Bb4 10.O-O O-O 11.Qb3 Qb6 12.Rd1 h6 13.Ne1 e5 14.dxe5 Ng4 15.e3 Ngxe5
16.e4 Nc5 17.Qc2 Bg4 18.Be3 Bxd1 19.Nxd1 Rfd8 20.Nf3 Ned3 21.Bf1 Qc7 22.Nc3 Ne5
23.Nh4 Ne6 24.Be2 Nd4 25.Bxd4 Rxd4 26.Nb5 Qb6  1/2-1/2

[Event "Spring op"]
[Site "Budapest"]
[Date "1993.??.??"]
[Round "1"]
[White "Kustar, Sandor"]
[Black "Dovzik, Juri"]
[Result "1-0"]
[WhiteElo "2310"]
[BlackElo "2345"]

1.Nf3 d5 2.d4 c6 3.c4 Nf6 4.Qc2 g6 5.Bf4 Bg7 6.cxd5 Nxd5 7.Bg3 O-O 8.a3 Qa5+
9.Nbd2 Bh6 10.e3 Nd7 11.Be2 N7f6 12.O-O Qd8 13.Nc4 Bf5 14.Bd3 Bxd3 15.Qxd3 Nh5
16.Qb3 Nxg3 17.hxg3 Nb6 18.e4 Nxc4 19.Qxc4 Qb6 20.Rfd1 Bg7 21.Rab1 Rad8 22.Rd3 Rd6
23.Rb3 Qc7 24.Rd1 Rfd8 25.Rbd3 Qd7 26.Ng5 e6 27.Nf3 h6 28.R3d2 Kh7 29.b3 Kg8
30.g4 Kh7 31.b4 a6 32.Kf1 Kg8 33.Kg1 Kh8 34.Kf1 g5 35.Kg1 Kg8 36.Qc5 f6 37.Qc4 Qf7
38.g3 h5 39.gxh5 Qxh5 40.Kg2 Qf7 41.g4 b5 42.Qb3 Qg6 43.d5 exd5 44.exd5 Qf7
45.Qc2 Rxd5 46.Qxc6 Rxd2 47.Rxd2 Rxd2 48.Nxd2 Qa2 49.Qc8+ Kh7 50.Qf5+ Kg8
51.Qc8+ Kh7 52.Qf5+ Kg8 53.Qd3 Qe6 54.Qf3 Bf8 55.Ne4 Be7 56.Ng3 Kf7 57.Nf5 Qc4
58.Ne3 Qc7 59.Qd5+  1-0

[Event "Spring op"]
[Site "Budapest"]
[Date "1993.??.??"]
[Round "3"]
[White "Tregubov, Pavel V"]
[Black "Van de Oudeweetering, Arthur"]
[Result "1-0"]
[WhiteElo "2445"]
[BlackElo "2335"]

1.d4 d5 2.c4 c6 3.Nf3 dxc4 4.e3 b5 5.a4 e6 6.b3 b4 7.Bxc4 Nf6 8.Qc2 Bb7 9.Nbd2 Nbd7
10.Bb2 Be7 11.O-O O-O 12.Rfd1 Rc8 13.Ne4 c5 14.Nxf6+ Nxf6 15.Ng5 h6 16.dxc5 Qc7
17.Bxf6 hxg5 18.Bxe7 Qxe7 19.Rd4 Qxc5 20.Rad1 a5 21.Qe2 Qe5 22.Qh5 g6 23.Qh6 Rc5
24.h4 Bc6 25.Rd8 Qg7 26.hxg5 Bd5 27.Rxf8+ Qxf8 28.Bxd5 Qxh6 29.gxh6 exd5
30.g4 f6 31.f4 Kh7 32.g5 fxg5 33.fxg5 d4 34.exd4 Rxg5+ 35.Kf2 Rd5 36.Ke3 Kxh6
37.Ke4 Rd8 38.d5 Kg5 39.d6 Kf6 40.Kd5 g5 41.Rf1+ Kg6 42.Kc6 Rc8+ 43.Kb7  1-0

[Event "Spring op"]
[Site "Budapest"]
[Date "1993.??.??"]
[Round "3"]
[White "Kustar, Sandor"]
[Black "Burmakin, Vladimir"]
[Result "0-1"]
[WhiteElo "2310"]
[BlackElo "2470"]

1.Nf3 d5 2.d4 c6 3.c4 dxc4 4.Qc2 b5 5.a4 Bb7 6.Nc3 a6 7.e4 e6 8.e5 Ne7 9.Bg5 Qb6
10.Be2 h6 11.Bf4 Nd5 12.Bg3 c5 13.Rd1 cxd4 14.Nxd4 Nxc3 15.bxc3 Bxg2 16.Rg1 Bd5
17.Nf5 Qc6 18.Nd6+ Bxd6 19.exd6 Nd7 20.Bf4 g5 21.Bg3 Be4 22.Qd2 f6 23.Qe3 Kf7
24.f4 Rab8 25.h4 bxa4 26.hxg5 hxg5 27.fxg5 a3 28.gxf6 a2 29.Bh4 Rxh4 30.Qg5 Qxd6
31.Bh5+ Rxh5 32.Qxh5+ Kxf6 33.Qh6+ Ke7 34.Qg5+ Nf6 35.Qg7+ Ke8 36.Rxd6 a1=Q+
37.Kf2 Qb2+ 38.Kg3 Qxc3+ 39.Kh4 Qe5 40.Qh8+ Ke7 41.Rg7+ Kxd6 42.Qxb8+ Kd5
43.Qb7+ Kd4 44.Qb2+ c3 45.Qb4+ Kd3 46.Rg3+ Kd2 47.Rg2+ Ke3 48.Qb6+ Kf4  0-1

[Event "Budapest FS03 IM"]
[Site "Budapest"]
[Date "1993.??.??"]
[Round "5"]
[White "Dumitrache, Dragos"]
[Black "Soylu, Suat"]
[Result "1-0"]
[WhiteElo "2385"]
[BlackElo "2340"]

1.d4 d5 2.c4 c6 3.Nf3 Nf6 4.Qb3 e6 5.g3 Bd6 6.Nbd2 O-O 7.Bg2 c5 8.O-O Nc6
9.dxc5 Bxc5 10.a3 d4 11.Qb5 Be7 12.Ne5 Nxe5 13.Qxe5 Ng4 14.Qe4 f5 15.Qc2 e5
16.Rd1 Qb6 17.Qb3 Qxb3 18.Nxb3 a5 19.h3 Nf6 20.f4 a4 21.fxe5 axb3 22.exf6 Bxf6
23.Bd5+ Kh8 24.Rd3 Re8 25.Kf1 g5 26.Rxb3 f4 27.gxf4 g4 28.hxg4 Bxg4 29.e4 dxe3
30.Bxe3 Bxb2 31.Rxb2 Rxe3 32.Rxb7 Rf8 33.Rf7 Rb8 34.a4 Bf3 35.Re1 Ra3 36.a5 Bh5
37.Ra7 Bg6 38.Kg1 Rg3+ 39.Kh2 Rg4 40.Ra8 Rxa8 41.Bxa8 Rxf4 42.a6 Rxc4 43.Ra1  1-0

[Event "Budapest FS06 GM"]
[Site "Budapest"]
[Date "1993.??.??"]
[Round "6"]
[White "Dao Thien Hai"]
[Black "Varga, Zoltan"]
[Result "1-0"]
[WhiteElo "2560"]
[BlackElo "2450"]

1.d4 d5 2.c4 c6 3.Nf3 dxc4 4.Nc3 b5 5.a4 b4 6.Nb1 Nf6 7.e3 Ba6 8.Be2 e6 9.O-O Be7
10.Ne5 O-O 11.Nd2 c3 12.Bxa6 Nxa6 13.Nxc6 cxb2 14.Bxb2 Qd7 15.Nxe7+ Qxe7
16.Qe2 Qb7 17.e4 Rfc8 18.d5 exd5 19.Bxf6 gxf6 20.Qg4+ Kh8 21.Qh4 Kg7 22.Rae1 d4
23.e5 Qb6 24.Re4 fxe5 25.Rxe5 Rc6 26.Nf3 Rd8 27.a5 Qc7 28.Nxd4 Rg6 29.Rh5 Kg8
30.Nf5 Re8 31.Rxh7 Qc3 32.Rh6 Rxh6 33.Qxh6 b3 34.Ne3 Qd3 35.Ng4  1-0

[Event "Budapest FS06 GM"]
[Site "Budapest"]
[Date "1993.??.??"]
[Round "8"]
[White "Soffer, Ram"]
[Black "Varga, Zoltan"]
[Result "1-0"]
[WhiteElo "2425"]
[BlackElo "2450"]

1.Nf3 d5 2.d4 c6 3.c4 dxc4 4.e3 b5 5.a4 e6 6.b3 Bb4+ 7.Bd2 Bxd2+ 8.Nfxd2 bxa4
9.bxc4 Nf6 10.Be2 O-O 11.O-O Qc7 12.c5 e5 13.Nc4 exd4 14.Qxd4 Ba6 15.Rd1 Nbd7
16.Nc3 Bxc4 17.Qxc4 Rab8 18.Rxa4 Rb2 19.Qd4 Rfb8 20.Bf3 Ne5 21.Qd6 Nxf3+
22.gxf3 Qb7 23.Qd8+ Ne8 24.Qd7 Rc2 25.Qxb7 Rxb7 26.Rd8 f6 27.Ne4 Kf7 28.Kg2 f5
29.Ng5+ Ke7 30.Ra8 Rxc5 31.R8xa7 Rxa7 32.Rxa7+ Kd6 33.Nf7+ Ke6 34.Nd8+ Kf6
35.Rf7+ Kg6 36.Re7 Nd6 37.Re6+  1-0

[Event "Spring op"]
[Site "Budapest"]
[Date "1993.??.??"]
[Round "8"]
[White "Gyorkos, Lajos"]
[Black "Pinkas, Karol"]
[Result "1-0"]
[WhiteElo "2435"]
[BlackElo "2355"]

1.Nf3 Nf6 2.c4 c6 3.d4 d5 4.Qc2 e6 5.g3 Na6 6.a3 c5 7.Bg2 cxd4 8.O-O Bd7
9.cxd5 Nxd5 10.b4 Be7 11.Bb2 O-O 12.Nxd4 Nac7 13.Nd2 a5 14.bxa5 Rxa5 15.N2b3 Ba4
16.Qc1 Ra7 17.Nc5 Bxc5 18.Qxc5 Ra8 19.e4 Na6 20.Qc4 Nb6 21.Qc3 e5 22.Nf5 f6
23.Rac1 Qd7 24.Qa5 Qe6 25.Ba1 Rfc8 26.Rb1 Bb3 27.Qb5 Nc5 28.Rfc1 Nba4 29.Bh3 Kh8
30.Kg2 Qc6 31.Rxb3 Qxe4+ 32.Rf3 Rd8 33.Qc4 Qc6 34.Ne7 Qd6 35.Nf5 Qc6 36.Qe2 b6
37.Kg1 Qb7 38.Bg2 Qd7  1-0

[Event "Budapest FS12 IM-A"]
[Site "Budapest"]
[Date "1993.??.??"]
[Round "12"]
[White "Mensch, Etienne"]
[Black "Acs, Peter"]
[Result "1/2-1/2"]
[WhiteElo "2210"]
[BlackElo "2245"]

1.d4 d5 2.c4 c6 3.Nf3 Nf6 4.g3 Bf5 5.Nc3 dxc4 6.a4 e6 7.Bg2 Nbd7 8.O-O Bb4
9.Nd2 Nb6 10.a5 Nbd5 11.e4 Bg4 12.Qc2 Nc7 13.Qa4 Na6 14.e5 Nd5 15.Nxc4 O-O
16.Bd2 Nxc3 17.bxc3 Be7  1/2-1/2

[Event "Budapest FS08 IM"]
[Site "Budapest"]
[Date "1993.??.??"]
[Round "12"]
[White "Liedl, Wolfgang"]
[Black "Dolgener, Tobias"]
[Result "1/2-1/2"]
[WhiteElo "2215"]
[BlackElo "2235"]

1.d4 d5 2.c4 c6 3.Nf3 dxc4 4.a4 e6 5.Nc3 Bb4 6.e4 b5 7.g3 Bb7 8.Bg2 Nf6 9.O-O Bxc3
10.bxc3 Nxe4 11.Ne5 c5 12.Qg4 O-O 13.Bh6 g6 14.Nxg6 hxg6 15.Bxe4 Bxe4 16.Qxe4 Nd7
17.Bxf8 Qxf8 18.axb5 cxd4 19.Qxd4 Nb6 20.Rfd1 Qe8 21.Ra5 Nd5 22.Rda1 Rb8
23.Qxa7 Rxb5 24.Rxb5 Qxb5 25.Qd4 Qc6 26.Ra5 Qb7 27.Qxc4 Qb1+ 28.Kg2 Qb7 29.Qe4 Qc6
30.c4 Ne3+ 31.Kf3 Qxe4+ 32.Kxe4 Nxc4 33.Ra6 Kg7 34.h3 Kf6 35.f4 Ke7 36.Kd4 Nd6
37.g4 f6 38.Ra7+ Kf8 39.Rd7 Nf7 40.g5 fxg5 41.Rxf7+ Kxf7 42.fxg5 Ke8 43.Ke5 Ke7
44.h4 Kf7 45.Kd6 e5 46.Kxe5 Ke7 47.Kd5 Kd7 48.Kc5 Ke6 49.Kc6 Kf5 50.Kd5  1/2-1/2

[Event "Calcutta op"]
[Site "Calcutta"]
[Date "1993.??.??"]
[Round "6"]
[White "Hegde, Ravi Gopal"]
[Black "Kasi, AL."]
[Result "1-0"]
[WhiteElo "2355"]
[BlackElo "2240"]

1.d4 d5 2.c4 c6 3.Nf3 Nf6 4.Qc2 e6 5.g3 Be7 6.Bg2 O-O 7.Nbd2 Nbd7 8.O-O Bd6
9.e4 dxe4 10.Nxe4 Nxe4 11.Qxe4 Qa5 12.Bd2 Qh5 13.Bc3 Qg6 14.Qe2 Re8 15.Rad1 Qh5
16.Rfe1 b6 17.Ne5 Qxe2 18.Rxe2 Nxe5 19.dxe5  1-0

[Event "JUG-chT"]
[Site "Cetinje"]
[Date "1993.??.??"]
[Round "?"]
[White "Tosic, Miroslav"]
[Black "Drasko, Milan"]
[Result "1/2-1/2"]
[WhiteElo "2465"]
[BlackElo "2520"]

1.d4 d5 2.Nf3 Nf6 3.c4 c6 4.Qc2 g6 5.Bf4 Bf5 6.Qb3 Qb6 7.e3 Qxb3 8.axb3 Bxb1
9.Rxb1 e6 10.c5 Nbd7 11.h3 Be7 12.b4 a6 13.Ra1 Rc8 14.Bd3 Bd8  1/2-1/2

[Event "Copenhagen op15"]
[Site "Copenhagen"]
[Date "1993.??.??"]
[Round "6"]
[White "Yakovich, Yuri"]
[Black "Khenkin, Igor"]
[Result "1/2-1/2"]
[WhiteElo "2510"]
[BlackElo "2575"]

1.d4 d5 2.c4 c6 3.Nf3 Nf6 4.Qc2 dxc4 5.Qxc4 Bf5 6.g3 e6 7.Bg2 Nbd7 8.Nc3 Be7
9.O-O O-O 10.e3 Ne4 11.Qe2 Bb4 12.Bd2 Nxd2 13.Nxd2 e5 14.a3 Ba5 15.Nb3 exd4
16.Nxd4 Qf6 17.Rad1 Bxc3 18.bxc3 Rfe8 19.Nxf5 Qxf5 20.Rd4 Re7 21.Rfd1 Nc5
22.Qc4 Rae8 23.e4 Qh5 24.g4 Qe5 25.f4 b5 26.Qb4 a5 27.fxe5 axb4 28.cxb4 Ne6
29.Rd6 Rc7 30.Rc1 Rec8 31.g5 c5 32.Bh3 cxb4 33.Rxc7 Rxc7 34.axb4 Kf8 35.Bxe6 fxe6
36.Rb6 Rc4 37.Rxb5 Rxe4 38.Kf2 Rg4 39.Ke3 Kf7 40.Rb7+ Kg6 41.b5 Rxg5 42.Kd4 Rh5
43.Re7 Rxh2 44.b6 Rb2 45.Kc5 h5 46.b7 Kf5 47.Rxg7  1/2-1/2

[Event "Dortmund op-A"]
[Site "Dortmund"]
[Date "1993.??.??"]
[Round "3"]
[White "Blechzin, Igor"]
[Black "Tomic, Dragoslav"]
[Result "1-0"]
[WhiteElo "2355"]
[BlackElo "2205"]

1.d4 d5 2.Nf3 c6 3.c4 Nf6 4.Qc2 Ne4 5.g3 e6 6.Bg2 Bd6 7.O-O Nd7 8.Ne1 Nef6
9.Nd3 O-O 10.Nd2 Bc7 11.Nf3 Re8 12.Bf4 Bxf4 13.gxf4 Nh5 14.e3 b6 15.Nde5 Nxe5
16.dxe5 Ba6 17.b3 Qe7 18.Rfc1 Rac8 19.c5 g6 20.a4 Red8 21.cxb6 axb6 22.a5 c5
23.axb6 Qb7 24.Qa2 Bd3 25.Qa7 Rd7 26.Ra5 Qc6 27.Raxc5 Qxc5 28.Rxc5 Rxc5 29.Qxd7 Rc1+
30.Bf1 Bxf1 31.Qd8+ Kg7 32.h3 Bd3+ 33.Kg2 Bf1+ 34.Kh2 Rc2 35.Ne1 Rxf2+ 36.Kg1 Re2
37.Qh4 Rxe3 38.Kxf1 Rxb3 39.Qf2 Ng3+ 40.Kg2 Nf5 41.Qc5 Ne3+ 42.Kf2 Nc4 43.Nf3 Rxb6
44.Nd4 Rb2+ 45.Kg3 Nd2 46.Qe7 Rb6 47.Qf6+  1-0

[Event "Dortmund op-A"]
[Site "Dortmund"]
[Date "1993.??.??"]
[Round "5"]
[White "Lorscheid, Gerhard"]
[Black "Busse, Klaus"]
[Result "1/2-1/2"]
[WhiteElo "2305"]
[BlackElo "2210"]

1.d4 d5 2.c4 c6 3.Nf3 Nf6 4.Qc2 Bg4 5.Ne5 e6 6.cxd5 exd5 7.Nc3 Qb6 8.Nxg4 Nxg4
9.Qf5 Nf6 10.Qc8+ Qd8 11.Qxb7 Nbd7 12.Qxc6 Bb4 13.Bd2 O-O 14.e3 Nb6 15.Ba6 Re8
16.O-O Re6 17.Qb5 Nc4 18.Qxc4 Rxa6  1/2-1/2

[Event "Dortmund op-A"]
[Site "Dortmund"]
[Date "1993.??.??"]
[Round "6"]
[White "Mainka, Gregor"]
[Black "Harari, Zaki"]
[Result "1-0"]
[WhiteElo "2360"]
[BlackElo "2280"]

1.d4 d5 2.Nf3 Nf6 3.c4 c6 4.Qc2 g6 5.Bf4 Bg7 6.e3 O-O 7.Nc3 Na6 8.a3 Bf5
9.Qb3 Qa5 10.Ne5 Nc7 11.Be2 Ne6 12.Bg3 Ne4 13.O-O Nxg3 14.hxg3 Bxe5 15.dxe5 d4
16.g4 Nc5 17.Qa2 dxc3 18.gxf5 cxb2 19.Qxb2 Rfd8 20.fxg6 hxg6 21.Rad1 Qc7
22.f4 e6 23.Rd4 Na4 24.Qc2 Rxd4 25.exd4 Nb6 26.Rd1 Rd8 27.Bf3 Qe7 28.Qc3 Qh4
29.Qc1 g5 30.c5 Nd5 31.fxg5 Ne7 32.Qb2 Nf5 33.g6 fxg6 34.d5 Ne3  1-0

[Event "Drobeta"]
[Site "Drobeta"]
[Date "1993.??.??"]
[Round "?"]
[White "Itkis, Boris"]
[Black "Baciu Ionescu, Otilia"]
[Result "1-0"]
[WhiteElo "2435"]
[BlackElo "2160"]

1.d4 d5 2.c4 c6 3.Nf3 Nf6 4.Qc2 g6 5.Bf4 Bf5 6.Qb3 Qb6 7.c5 Qxb3 8.axb3 Nbd7
9.Nc3 a6 10.h3 Bg7 11.e3 O-O 12.b4 Ne4 13.Be2 f6 14.g4 Nxc3 15.bxc3 Be4 16.O-O Bxf3
17.Bxf3 e5 18.Bh2 Rfe8 19.c4 dxc4 20.d5 Nb8 21.e4 Bh6 22.Be2 c3 23.Bc4 Kg7
24.Bb3 Bd2 25.Ra4 a5 26.Rfa1 Nd7 27.Bc2  1-0

[Event "Dublin zt"]
[Site "Dublin"]
[Date "1993.??.??"]
[Round "2"]
[White "King, Daniel J"]
[Black "Barry, Colm"]
[Result "1/2-1/2"]
[WhiteElo "2500"]
[BlackElo "2275"]

1.d4 d5 2.c4 c6 3.Nf3 Nf6 4.Qc2 g6 5.Bf4 Bf5 6.Qb3 Qb6 7.c5 Qxb3 8.axb3 Bxb1
9.Rxb1 Nbd7 10.h3 Bg7 11.e3 O-O 12.b4 a6 13.Bd3 Rfe8 14.Bh2 Nf8 15.Nd2 N6d7
16.f4 f6 17.O-O e5 18.dxe5 fxe5 19.e4 Ne6 20.exd5 cxd5 21.fxe5 Nxe5 22.Bxe5 Bxe5
23.Nf3  1/2-1/2

[Event "Dublin zt"]
[Site "Dublin"]
[Date "1993.??.??"]
[Round "7"]
[White "Kumaran, Dharshan"]
[Black "Levitt, Jonathan"]
[Result "1/2-1/2"]
[WhiteElo "2385"]
[BlackElo "2460"]

1.d4 d5 2.c4 c6 3.Nf3 Nf6 4.Qb3 Qb6 5.Nc3 e6 6.e3 Be7 7.Bd3 O-O 8.O-O Nbd7
9.Qc2 dxc4 10.Bxc4 c5 11.Rd1 a6 12.a4 Qc7 13.Qe2 cxd4 14.exd4 Nb6 15.Ba2 Nbd5
16.Bg5 Nxc3 17.bxc3 Qxc3 18.Ne5 Nd5 19.Bxd5 Bxg5 20.Be4 g6 21.Nc4 Rb8 22.Ra3 Qb4
23.Rb1 Qe7 24.Rab3 Qc7 25.Nb6 Bd7 26.Nxd7 Qxd7 27.Bxb7 Qxa4 28.Rb4 Qa5 29.Qxa6 Qxa6
30.Bxa6 Rxb4 31.Rxb4 Rd8 32.g3 Bf6 33.Kg2 Bxd4 34.Rc4 Rd6 35.Bb7 Kg7 36.Rc2 h5
37.h4 Bb6 38.Re2 Rd4 39.Ba8 Bd8 40.Kh3 Bc7 41.Kg2 Ra4 42.Bc6 Ra3 43.Rc2 Bb6
44.Re2 Bd4 45.Rc2 Ra6 46.Bb7 Ra7 47.Bc6 f5 48.f4 Kf6 49.Re2 Ra3 50.Bf3 Be3
51.Bc6 Rc3 52.Bf3 Bc1 53.Bb7 Ba3 54.Ba8 Bd6 55.Bb7 Rc4 56.Rf2 Bb8 57.Ba8 Kg7
58.Bb7 Rb4 59.Bc6 e5 60.fxe5 Bxe5 61.Bf3 Rb3 62.Ra2 f4 63.Ra7+ Kh6 64.gxf4 Bxf4
65.Re7  1/2-1/2

[Event "Narancs Cup"]
[Site "Eger"]
[Date "1993.??.??"]
[Round "1"]
[White "Dumitrache, Dragos"]
[Black "Horvath, Peter"]
[Result "1-0"]
[WhiteElo "2425"]
[BlackElo "2290"]

1.d4 d5 2.c4 c6 3.Nf3 Nf6 4.Qb3 dxc4 5.Qxc4 g6 6.g3 Bg7 7.Bg2 O-O 8.O-O Be6
9.Qb4 b6 10.Rd1 a5 11.Qe1 Qc8 12.Nc3 Ra7 13.Bf4 Nd5 14.Nxd5 cxd5 15.Rac1 Qd7
16.Ne5 Qa4 17.a3 f6 18.Nf3 Na6 19.Rd3 b5 20.Ra1 b4 21.axb4 Qxb4 22.Rxa5 Qxb2
23.Rda3 Rfa8 24.Nd2 Qb6 25.Qa1 f5 26.Nb3 Kf7 27.e3 h6 28.h4 Qb4 29.Bf1 Nb8
30.Rxa7 Rxa7 31.Rxa7 Qxb3 32.Qa3 Qxa3 33.Rxa3 Nd7 34.Ra7 Bf8 35.Bb5 Nf6 36.Bc6 Bc8
37.Be5  1-0